Краткий испанско-русский политехнический словарь: ок. 18000 терминов

Bibliographische Detailangaben
1. Verfasser: Бернардо дел Рио Салседа
Zusammenfassung:Исп., рус.
Sprache:Russisch
Spanisch
Veröffentlicht: Москва, Русский язык, 1985
Schlagworte:
Format: Buch
KOHA link:https://koha.lib.tpu.ru/cgi-bin/koha/opac-detail.pl?biblionumber=283023

MARC

LEADER 00000nam0a2200000 4500
001 283023
005 20231101235545.0
020 |a RU  |b 85-8199 
035 |a (RuTPU)RU\TPU\book\307043 
090 |a 283023 
100 |a 20150204d1985 km y0rusy5003 ca 
101 0 |a rus  |a spa 
102 |a RU 
105 |a y e 000zy 
200 1 |a Краткий испанско-русский политехнический словарь  |e ок. 18000 терминов  |d Breve diccionario politecnico espanol-ruso.  |f Бернардо дел Рио Салседа 
210 |a Москва  |c Русский язык  |d 1985 
215 |a 544 с. 
300 |a Исп., рус. 
510 1 |a Breve diccionario politecnico espanol-ruso.  |z eng 
606 1 |a Испанский язык  |x Словари  |2 stltpush  |3 (RuTPU)RU\TPU\subj\13211  |9 39860 
610 1 |a испанско-русские словари 
610 1 |a техника 
610 1 |a политехнические словари 
610 1 |a лексика 
686 |a Ш147.21-4  |2 rubbk 
700 1 |a Бернардо дел Рио Салседа  |4 070 
801 0 |a RU  |b RuMRKP  |c 19950704  |g psbo 
801 1 |a RU  |b 63413507  |c 20150204 
801 2 |a RU  |b 63413507  |c 20170721  |g RCR 
942 |c BK